| 000 | 00720 a2200229 4500 | ||
|---|---|---|---|
| 001 | 41991 | ||
| 005 | 20260407155710.0 | ||
| 008 | 260407a1979 arg spa d | ||
| 003 | AR-UNSa-BCEJYS | ||
| 040 |
_aAR-UNSa-BCEJYS _bspa _cAR-UNSa-BCEJYS |
||
| 080 |
_a330 _xEconomía en general |
||
| 245 | 1 | 0 | _aQué es la economía |
| 250 | _a12a. ed. | ||
| 264 | 1 |
_aBuenos Aires : _bColumba _c1979 |
|
| 300 |
_a61 p. _c20 cm. |
||
| 505 | _a1. La economía como realidad - 2. La economía como ciencia | ||
| 041 | _aspa | ||
| 942 | _cBK | ||
| 590 | _aniveau_biblio:m niveau_hierar:0 | ||
| 100 | 1 | _aValsecchi, Francisco | |
| 856 | 4 | 1 |
_uhttps://biblioeco.unsa.edu.ar/pmb/images/libros/L127630.jpg _yImagen de portada _qimage/jpeg |
| 999 |
_c3556 _d3556 |
||